MERGERS AND ACQUISITIONS STRATEGY VALUATION AND INTEGRAT (Record no. 17181)

MARC details
000 -LEADER
fixed length control field 00367nam a2200133Ia 4500
008 - FIXED-LENGTH DATA ELEMENTS--GENERAL INFORMATION
fixed length control field 240624s9999 xx 000 0 und d
041 ## - LANGUAGE CODE
Language code of text/sound track or separate title eng
082 ## - DEWEY DECIMAL CLASSIFICATION NUMBER
Classification number 658.1 RAY
100 ## - MAIN ENTRY--PERSONAL NAME
Personal name RAY KAMAL GHOSH
245 ## - TITLE STATEMENT
Title MERGERS AND ACQUISITIONS STRATEGY VALUATION AND INTEGRAT
260 ## - PUBLICATION, DISTRIBUTION, ETC.
Date of publication, distribution, etc. 2010
Place of publication, distribution, etc. New Delhi
Name of publisher, distributor, etc. PHI Learning
300 ## - PHYSICAL DESCRIPTION
Extent xxi, : 869 : p. : cm. ; 23
365 ## - TRADE PRICE
Currency code RS
Holdings
Withdrawn status Lost status Damaged status Not for loan Home library Current library Shelving location Date acquired Cost, normal purchase price Full call number Barcode Date last seen Copy number Price effective from Koha item type
Store Books       IMTN IMTN Rack 20-B 06/08/2011 475.00 658.1 RAY 17181 06/24/2024 1 06/24/2024 Books
Designed & Maintained by: LRC IMT Nagpur Contact: lrc@imtnag.ac.in© 2024. All Rights Reserved.